Mapa Afryki bez 10 losowych państw - Statystyki

Ogólne statystyki
  • Ten quiz został rozwiązany 902 razy
    388 od ostatniego zresetowania
  • Średni wynik to 8 z 10
Odpowiedzi na mapie
Odpowiedzi zakodowano w zielono-czerwonej skali na mapie do tego quizu, zgodnie z poniższymi procentami.
 
Statystyki odpowiedzi
Kraj % Poprawnych
Algieria
100%
Demokratyczna Republika Konga
100%
Egipt
100%
Ghana
100%
Republika Południowej Afryki
100%
Niger
97%
Sudan
97%
Zimbabwe
97%
Nigeria
96%
Sudan Południowy
96%
Etiopia
95%
Czad
94%
Gwinea
93%
Wybrzeże Kości Słoniowej
93%
Eswatini
92%
Botswana
91%
Kenia
91%
Zambia
91%
Libia
90%
Republika Środkowoafrykańska
90%
Angola
89%
Tanzania
89%
Namibia
88%
Benin
86%
Mauretania
86%
Senegal
86%
Kamerun
85%
Madagaskar
85%
Uganda
85%
Gwinea Równikowa
81%
Mali
81%
Mauritius
81%
Mozambik
81%
Kongo
80%
Maroko
79%
Togo
78%
Erytrea
76%
Gabon
76%
Sierra Leone
75%
Malawi
73%
Rwanda
72%
Somalia
72%
Wyspy Świętego Tomasza i Książeca
72%
Gwinea Bissau
71%
Tunezja
71%
Republika Zielonego Przylądka
68%
Burkina Faso
67%
Komory
67%
Dżibuti
65%
Liberia
63%
Gambia
61%
Seszele
60%
Burundi
58%
Lesotho
56%
Nie znaleziono quizów pasujących do podanych kryteriów
Rozkład punktacji
Procent ludzi z każdym wynikiem
Percentyl według liczby udzielonych odpowiedzi
Twoja historia wyników
Nie rozwiązałeś tego quizu od ostatniego zresetowania